Normal view
MARC view
Entry Personal Name
001 - CONTROL NUMBER
- control field: 81300
003 - CONTROL NUMBER IDENTIFIER
- control field: dpl
005 - DATE AND TIME OF LATEST TRANSACTION
- control field: 20250520115720.0
008 - FIXED-LENGTH DATA ELEMENTS
- fixed length control field: 250520|| aca||aabn | a|a d
040 ## - CATALOGING SOURCE
- Original cataloging agency: dpl
- Transcribing agency: dpl
100 ## - HEADING--PERSONAL NAME
- Personal name: Festschrift K.Sukumaran Justic
670 ## - SOURCE DATA FOUND
- Source citation: Work cat.: (dpl)211363: Festschrift K.Sukumaran Justic, Judicial and Cultural Heritage:Some Dimension/, 2021
